Personnages de Cyberpunk 2077 (par images). - Statistiques

Statistiques générales
  • Ce quiz a été pris 800 fois
  • Le résultat moyen est 12 sur 16
Statistiques - réponses
Par images Réponse % Correct
V
99%
Johnny Silverhand
97%
Panam Palmer
93%
Judy Alvarez
87%
Delamain
82%
Jackie Welles
82%
Goro Takemura
79%
Rogue Amendiares
77%
Viktor Vektor
74%
Misty Olszewski
72%
Evelyn Parker
68%
T-Bug
66%
Saburo Arasaka
63%
Hanako Arasaka
60%
Kerry Eurodyne
59%
Yorinobu Arasaka
52%
Aucun quiz correspondant
Distribution des résultats
% des personnes avec chaque résultat
Percentile par nombre de réponses
Votre historique - résultats
Vous n’avez pas pris ce quiz